01343nab a22002297a 4500999001500000003000400015005001700019008004100036040000700077100003000084245016200114300001200276505042400288505007200712650002800784650005800812650003000870650003800900650005300938773010900991942001301100 c5789d5789OSt20260106185730.0190514b xxu||||| |||| 00| 0 spa d cPJ 96695aBertolé, Cecilia 13aLa incorporación de los principios sustantivos de la Convención Internacional de los Derechos del Niño en los procesos de familia /cCecilia Bertolé. ap. 3-10 aSumario: I. El surgimiento de la perspectiva de niñez y su incorporación en los procesos locales.— II. La función interpretativa como central.— III. El interés superior del niño.— IV. El derecho a la participación.— V. El derecho a la vida, la supervivencia y el desarrollo.— VI. El principio de igualdad y no discriminación.— VII. Test de principios sustantivos.— VIII. Reflexiones finales. tSi te interesa el texto, comunicate a koha@justierradelfuego.gov.ar 09967aDERECHO DE FAMILIA 092741aDERECHOS DE LAS NIÑAS, NIÑOS Y ADOLESCENTES 0aPROCESOS DE FAMILIA93874 0aINTERES SUPERIOR DEL NIÑO94097 0aCONVENCIÓN SOBRE LOS DERECHOS DEL NIÑO927350 0284493222dBuenos Aires : AbeledoPerrot, 1989-tDerecho de familia. N° 116 - Septiembre 2024z18511201 2udccANA